The reconstruction of religious thought in Islam / (Record no. 32388)
[ view plain ]
| 000 -LEADER | |
|---|---|
| fixed length control field | 00942nam a22002532a 4500 |
| 001 - CONTROL NUMBER | |
| control field | 32388 |
| 003 - CONTROL NUMBER IDENTIFIER | |
| rucl marc code | BD-RjUL |
| 005 - DATE AND TIME OF LATEST TRANSACTION | |
| control field | 20211209051828.0 |
| 008 - FIXED-LENGTH DATA ELEMENTS--GENERAL INFORMATION | |
| fixed length control field | 140426r1965 p 001 0 eng d |
| 035 ## - SYSTEM CONTROL NUMBER | |
| System control number | OCLC ocm01878376 from D951128M |
| -- | (BD-RjUL) 32477 |
| 040 ## - CATALOGING SOURCE | |
| Original cataloging agency | IXA |
| Transcribing agency | IXA |
| Modifying agency | BD-RjUL |
| Language of cataloging | eng |
| 041 ## - LANGUAGE CODE | |
| Language code of text/sound track or separate title | eng |
| 082 ## - DEWEY DECIMAL CLASSIFICATION NUMBER | |
| Classification number | 297 |
| Author mark and year | IQR 1965 |
| Edition number | 23 |
| 100 1# - MAIN ENTRY--PERSONAL NAME | |
| Personal name | Iqbal, Mohammad |
| Dates associated with a name | 1877-1938. |
| 9 (RLIN) | 98534 |
| 245 14 - TITLE STATEMENT | |
| Title | The reconstruction of religious thought in Islam / |
| Statement of responsibility, etc. | by Mohammad Iqbal |
| 246 ## - VARYING FORM OF TITLE | |
| Title proper/short title | The reconstruction of religious thought in Islam /by Muhammad Iqbal |
| 260 ## - PUBLICATION, DISTRIBUTION, ETC. (IMPRINT) | |
| Place of publication, distribution, etc. | Lahore : |
| Name of publisher, distributor, etc. | Javid Iqbal, |
| Date of publication, distribution, etc. | 1944 [Reprinted 1954,1965] |
| 300 ## - PHYSICAL DESCRIPTION | |
| Pagination | vi, 205 p. ; |
| Size | 22 cm |
| 500 ## - GENERAL NOTE | |
| General note | "In 1954 : the author name title & Spelling :Sir Mohmmad Iqbal and in 1965: the author name title & Spelling :Allama Muhmmad Iqbal" |
| 504 ## - BIBLIOGRAPHY, ETC. NOTE | |
| Bibliography, etc | Includes index. |
| 650 #0 - SUBJECT ADDED ENTRY--TOPICAL TERM | |
| Topical term or geographic name as entry element | Islam |
| 9 (RLIN) | 98535 |
| Topical term or geographic name as entry element | Philosophy and religion |
| 9 (RLIN) | 2766 |
| 942 ## - ADDED ENTRY ELEMENTS (KOHA) | |
| Source of classification or shelving scheme | Dewey Decimal Classification |
| Koha item type | Books |
| Lost status | Source of classification or shelving scheme | Damaged status | Not for loan | Collection code | Permanent Location | Current Location | Shelving location | Date acquired | Source of acquisition | Cost, normal purchase price | Total Checkouts | Full call number | Date last seen | Date checked out | Copy number | Koha item type |
|---|---|---|---|---|---|---|---|---|---|---|---|---|---|---|---|---|
| Dewey Decimal Classification | Non-fiction | Central Library, University of Rajshahi | Central Library, University of Rajshahi | 20/02/1967 | Feroz sons | 7.50 | 1 | 297 IQR 1965 | 07/04/2019 | 31/01/2019 | C-2 | Books | ||||
| Dewey Decimal Classification | Non-fiction | Central Library, University of Rajshahi | Central Library, University of Rajshahi | 26/11/1966 | Ashrat | 7.50 | 297 IQR 1965 | 26/04/2014 | C-7 | Books | ||||||
| Dewey Decimal Classification | Non-fiction | Central Library, University of Rajshahi | Central Library, University of Rajshahi | 26/11/1966 | Ashrat | 7.50 | 297 IQR 1965 | 26/04/2014 | C-6 | Books | ||||||
| Dewey Decimal Classification | Non-fiction | Central Library, University of Rajshahi | Central Library, University of Rajshahi | 20/02/1967 | Feroz sons | 7.50 | 297 IQR 1965 | 26/04/2014 | C-4 | Books | ||||||
| Dewey Decimal Classification | Non-fiction | Central Library, University of Rajshahi | Central Library, University of Rajshahi | 20/02/1967 | Feroz sons | 7.50 | 297 IQR 1965 | 14/05/2014 | C-3 | Books | ||||||
| Dewey Decimal Classification | Not For Loan | Rare Books | Central Library, University of Rajshahi | Central Library, University of Rajshahi | 08/06/1955 | Pak lit. palace | 7.80 | RA 297 IQR 1954 | 12/12/2016 | C-1 | Rare Books | |||||
| Dewey Decimal Classification | Non-fiction | Central Library, University of Rajshahi | Central Library, University of Rajshahi | 03/10/2018 | 297 IQR 1965 | 03/10/2018 | C-5 | Books |